00989nam a2200265Ia 450000500170000000800270001702000180004408200180006210000430008024501920012325000170031530000650033253400270039765000320042465000280045665000280048465000330051294200120054526400280055733600270058533700330061233800280064504000350067399900150070820220317000257.0141031s9999 ck 000 0 spa d a978607170543304a371.337bV24j1 aVelásquez Navarro, José de Jesús10aJuegos y canciones para el aula preescolarbla importancia de los ambientes lúdicos de aprendizaje para la educación de las nuevas generaciones cJosé de Jesús Velásquez Navarro a1a ediciones a106 páginasbilustraciones en blanco y negroc23 cm.e1 CD tIncluye bibliografía142LEMBaEducación prescolar142LEMBaJuegos infantiles142LEMBaDanzas infantiles142LEMBaCancioneros infantiles 2ddccBK aMéxicobTrillasc2010 atextobtxt2rdacontent asin mediaciónbn2rdamedia avolumenbnc2rdacarrier aCO-BoRNBPbspaerdacCO-BoRNBP c3593d3593